000 00660nam a2200229Ia 4500
003 OSt
005 20220928105229.0
006 a|||||r|||| 00| 0
007 ta
008 220927b |||||||| |||| 00| 0 eng d
024 _a51330
037 _cTextual
040 _aSDCL
_cSDCL
_beng
041 _2eng
_aeng
082 _aV41:1958'N5, M1
100 _aGhosh Partha S
_9414397
245 0 _aSino-Soviet relations
_b US perceptions and policy responses,1949-1959
260 _aNew Delhi
_bUppal Publishing House
_c1981
300 _a341p
_ccm.
942 _hV41:1958'N5, M1
_cTEXL
_2CC
999 _c730225
_d730225